000 01335nmc a2200469 a 4500
003 AR-BaBNM
005 20251128203031.0
008 026019s1983 ||||||||||||||000 | spa||
020 _a84-85800-58-3
040 _cAR-BaBNM
245 1 0 _aVivir entre dos culturas
_bla situación sociocultural de los trabajadores migrantes y sus familias
260 _aBarcelona
_bUnesco
_bSERBAL
_c1983
300 0 _a384 p.
490 0 _aLibros del tiempo. Sociología y política
504 _aContiene bibliografía al final de cada capítulo
650 4 _aSOCIOLOGIA CULTURAL
650 4 _aSOCIOLOGIA URBANA
650 4 _aMIGRACION DE PERSONAS
650 4 _aINMIGRACION
650 4 _aPOLITICA DE MIGRACION
650 4 _aCIUDADES
650 4 _aANTROPOLOGIA CULTURAL Y SOCIAL
650 4 _aFAMILIA
650 4 _aESTRUCTURA SOCIAL
650 4 _aMUJERES
650 4 _aTRABAJADORAS
651 4 _aEuropa
653 0 _aSOCIOLOGIA DEL TRABAJO
700 1 _aAndizian, Sossie
700 1 _aCatani, Maurizio
700 1 _aCicourel, Aaron V.
700 1 _aDittmar, Norbert
700 1 _aHarper, Dean
700 1 _aKudat, Ayse
700 1 _aMorokvasic, Mirjana
700 1 _aOriol, Michel
700 1 _aParris, R.G.
700 1 _aStreiff, Jocelyn
700 1 _aSwetland, Carolyn
942 _cBK
998 _csilvi
999 _c1598
_d1598